Indian standard specification for aluminium and aluminium alloy rivet stock folr cold forged rivets for aircraft purpose (Record no. 5296)

MARC details
000 -LEADER
fixed length control field 00533nam a2200157Ia 4500
003 - CONTROL NUMBER IDENTIFIER
control field IN-BaIIA
008 - FIXED-LENGTH DATA ELEMENTS--GENERAL INFORMATION
fixed length control field 211028s9999 xx 000 0 eng d
040 ## - CATALOGING SOURCE
Transcribing agency IIA Library
080 ## - UNIVERSAL DECIMAL CLASSIFICATION NUMBER
Universal Decimal Classification number 083.7:669.71
Item number ISI
110 ## - MAIN ENTRY--CORPORATE NAME
Corporate name or jurisdiction name as entry element Indian Standards Institution
245 #0 - TITLE STATEMENT
Title Indian standard specification for aluminium and aluminium alloy rivet stock folr cold forged rivets for aircraft purpose
Statement of responsibility, etc. Indian Standards Institution
260 ## - PUBLICATION, DISTRIBUTION, ETC.
Place of publication, distribution, etc. New Delhi
Name of publisher, distributor, etc. Indian Standards Institution
Date of publication, distribution, etc. 1971
300 ## - PHYSICAL DESCRIPTION
Extent 8p.
500 ## - GENERAL NOTE
General note IS 5902 : 1970
942 ## - ADDED ENTRY ELEMENTS (KOHA)
Koha item type Books
Holdings
Withdrawn status Lost status Damaged status Not for loan Home library Current library Shelving location Date acquired Cost, normal purchase price Total Checkouts Full call number Barcode Date last seen Cost, replacement price Price effective from Koha item type Purchase Price
        IIA Library-Bangalore IIA Library-Bangalore General Stacks   5.00   083.7:669.71/ ISI 5904 05/11/2021 5.00   Books Rs. 5.00

Powered by Koha